000 00490nam a22001812 4500
001 0000005535
005 20151217160106.0
008 070615s xx 000 0 eng d
040 _aKABU
_cKABU
050 0 _aPZ7
_b.K5B38
100 1 _aKimeto, Zacchaeus arap.
_@0000156806
245 1 4 _aThe Battle of Mogori and other stories.
260 _aNairobi :
_bPhoenix,
_c1991.
300 _a38 p.
908 _a070615
950 _@1
999 _c14103
_d14103